000 00367nam a2200157Ia 4500
008 200103s9999||||xx |||||||||||||| ||und||
020 _a9780750665551
040 _aIMU-MPC
082 _aColumn-14
100 _aHause, David J.
245 0 _aCargo Work for Maritime Operations
250 _a7th Ed.
260 _bElsevier
_c2005
300 _axx, 323
942 _cBK
999 _c5568
_d5568